Science and technology in Japan

שמור ב:
מידע ביבליוגרפי
מחבר תאגידי: Union of Japanese Scientists and Engineers
פורמט: ספר
שפה:Undetermined
יצא לאור: Tokyo Union of Japanese Scientists and Engineers 1972
נושאים:
תגים: הוספת תג
אין תגיות, היה/י הראשונ/ה לתייג את הרשומה!
Thư viện lưu trữ: Trung tâm Học liệu Trường Đại học Cần Thơ
LEADER 00555nam a2200181Ia 4500
001 CTU_95461
008 210402s9999 xx 000 0 und d
082 |a 630.95 
082 |b U58 
110 |a Union of Japanese Scientists and Engineers 
245 0 |a Science and technology in Japan 
245 0 |c Union of Japanese Scientists and Engineers 
260 |a Tokyo 
260 |b Union of Japanese Scientists and Engineers 
260 |c 1972 
650 |a Plant introduction 
904 |i Hiếu 
980 |a Trung tâm Học liệu Trường Đại học Cần Thơ